| 000 | 00000nam##2200000za#4500 |
| 001 | 9.580778 |
| 003 | CaOODSP |
| 005 | 20210624191213 |
| 007 | cr ||||||||||| |
| 008 | 150406|2000||||xxc|||||o f|0| 0 eng|d |
| 040 | |aCaOODSP|beng |
| 043 | |an-cn--- |
| 086 | 1 |aNH18-22/100-105E-PDF |
| 110 | 2 |aCanada Mortgage and Housing Corporation. |
| 245 | 10|aSound transmission loss measurements through 190 mm and 140 mm blocks with added drywall and through cavity block walls (1990) |h[electronic resource] |
| 250 | |aRevised 2008 |
| 260 | |aOttawa - Ontario : |bCanada Mortgage and Housing Corporation |cc2000, 2008. |
| 300 | |a4p. |
| 490 | 1 |aResearch and development highlights; technical series |v00-105 |
| 500 | |aFile reproduced from original print. |
| 590 | |a14-16-Supp|b2014-09-25 |
| 775 | 08|tMesurage des pertes de transmission sonore à travers des murs de maçonnerie de 140 mm et de 190 mm, revêtus de plaques de plâtre, et des murs creux (1990) / |w(CaOODSP)9.607720 |
| 830 | #0|aResearch and development highlights; technical series ;|v00-105|w(CaOODSP)9.504481 |
| 856 | 40|ahttp://publications.gc.ca|qPDF|s242 KB|uhttps://publications.gc.ca/collections/collection_2014/schl-cmhc/NH18-22-100-105-eng.pdf|y00-105 |